000 00454cam a2200169ua 4500
041 _aeng
_h
082 _a628
_bART/EN
100 _aArtiola, Janick F .
245 _aEnvironmental monitoring and characterization /
_cJanick F Artiola.
_hTextual Documents
260 _aNew York :
_bAcademic Press ,
_c2006.
300 _a410 ; .
504 _a
700 1 _aBrusseau, Mark L .
700 1 _aPepper, Ian L .
942 _cBK
999 _c13151
_d13151